Loading...
| Current Events | 3 | 20.00 | 100% | 100% | 0% |
| Fine Arts - Auditory | 3 | 10.00 | 100% | 0% | 0% |
| Fine Arts - Other | 4 | 17.50 | 100% | 50% | 25% |
| Fine Arts - Visual | 4 | 10.00 | 50% | 50% | 0% |
| Geography | 7 | 14.29 | 71% | 57% | 14% |
| History - American | 4 | 12.50 | 75% | 50% | 0% |
| History - Ancient | 1 | 20.00 | 100% | 100% | 0% |
| History - Ancient/Other | 3 | 13.33 | 100% | 33% | 0% |
| History - European | 4 | 17.50 | 100% | 75% | 0% |
| History - World | 5 | 16.00 | 100% | 60% | 0% |
| Literature - American | 5 | 14.00 | 100% | 20% | 20% |
| Literature - British | 6 | 11.67 | 100% | 0% | 17% |
| Literature - European | 3 | 13.33 | 100% | 33% | 0% |
| Literature - World | 8 | 17.50 | 100% | 63% | 13% |
| Mythology | 2 | 15.00 | 100% | 50% | 0% |
| Other Academic | 1 | 20.00 | 100% | 100% | 0% |
| Philosophy | 8 | 20.00 | 100% | 100% | 0% |
| Religion | 6 | 15.00 | 100% | 50% | 0% |
| Science - Biology | 4 | 12.50 | 100% | 25% | 0% |
| Science - Chemistry | 5 | 8.00 | 60% | 20% | 0% |
| Science - Other | 9 | 14.44 | 89% | 44% | 11% |
| Science - Physics | 5 | 10.00 | 100% | 0% | 0% |
| Social Science | 6 | 15.00 | 83% | 67% | 0% |